Random Shapes All Countries - Statistics

General Stats
  • This quiz has been taken 39 times
  • The average score is 31 of 40
Answer Stats
Picture Answer % Correct
Angola
100%
Argentina
100%
Belgium
100%
Benin
100%
Brazil
100%
Cameroon
100%
Cape Verde
100%
China
100%
Colombia
100%
Comoros
100%
Costa Rica
100%
Croatia
100%
Cyprus
100%
Czech Republic
100%
Djibouti
100%
Dominican Republic
100%
East Timor
100%
Equatorial Guinea
100%
Eritrea
100%
Ethiopia
100%
Gambia
100%
Germany
100%
Ghana
100%
Greece
100%
Grenada
100%
Haiti
100%
Honduras
100%
Hungary
100%
Indonesia
100%
Iran
100%
Iraq
100%
Italy
100%
Jordan
100%
Kazakhstan
100%
Kiribati
100%
Kuwait
100%
Lebanon
100%
Libya
100%
Liechtenstein
100%
Lithuania
100%
Madagascar
100%
Maldives
100%
Mali
100%
Malta
100%
Mauritius
100%
Mongolia
100%
Mozambique
100%
Myanmar
100%
Namibia
100%
Niger
100%
Pakistan
100%
Papua New Guinea
100%
Paraguay
100%
Peru
100%
Philippines
100%
Poland
100%
Rep. of the Congo
100%
Rwanda
100%
São Tomé and Príncipe
100%
Saudi Arabia
100%
Singapore
100%
Slovenia
100%
Solomon Islands
100%
South Korea
100%
St. Vincent and the Grenadines
100%
Sweden
100%
Tajikistan
100%
Tanzania
100%
Thailand
100%
Tonga
100%
Tunisia
100%
Turkey
100%
Uganda
100%
United States
100%
Uzbekistan
100%
Zambia
100%
Guinea-Bissau
75%
Lesotho
67%
New Zealand
67%
Saint Lucia
67%
Bahrain
50%
Burkina Faso
50%
Cuba
50%
France
50%
Jamaica
50%
Latvia
50%
Monaco
50%
Saint Kitts and Nevis
50%
San Marino
50%
Serbia
50%
South Africa
50%
Suriname
50%
Yemen
50%
Afghanistan
0%
Albania
0%
Algeria
0%
Andorra
0%
Antigua and Barbuda
0%
Armenia
0%
Australia
0%
Austria
0%
Azerbaijan
0%
Bahamas
0%
Bangladesh
0%
Barbados
0%
Belarus
0%
Belize
0%
Bhutan
0%
Bolivia
0%
Bosnia and Herzegovina
0%
Botswana
0%
Brunei
0%
Bulgaria
0%
Burundi
0%
Cambodia
0%
Canada
0%
Central African Republic
0%
Chad
0%
Chile
0%
Denmark
0%
Dominica
0%
D.R. Congo
0%
Ecuador
0%
Egypt
0%
El Salvador
0%
Estonia
0%
Eswatini
0%
Fiji
0%
Finland
0%
F.S. Micronesia
0%
Gabon
0%
Georgia
0%
Guatemala
0%
Guinea
0%
Guyana
0%
Iceland
0%
India
0%
Ireland
0%
Israel
0%
Ivory Coast
0%
Japan
0%
Kenya
0%
Kosovo
0%
Kyrgyzstan
0%
Laos
0%
Liberia
0%
Luxembourg
0%
Malawi
0%
Malaysia
0%
Marshall Islands
0%
Mauritania
0%
Mexico
0%
Moldova
0%
Montenegro
0%
Morocco
0%
Nauru
0%
Nepal
0%
Netherlands
0%
Nicaragua
0%
Nigeria
0%
North Korea
0%
North Macedonia
0%
Norway
0%
Oman
0%
Palau
0%
Panama
0%
Portugal
0%
Qatar
0%
Romania
0%
Russia
0%
Samoa
0%
Senegal
0%
Seychelles
0%
Sierra Leone
0%
Slovakia
0%
Somalia
0%
South Sudan
0%
Spain
0%
Sri Lanka
0%
Sudan
0%
Switzerland
0%
Syria
0%
Taiwan
0%
Togo
0%
Trinidad and Tobago
0%
Turkmenistan
0%
Tuvalu
0%
Ukraine
0%
United Arab Emirates
0%
United Kingdom
0%
Uruguay
0%
Vanuatu
0%
Vatican City
0%
Venezuela
0%
Vietnam
0%
Zimbabwe
0%
No matching quizzes found
Score Distribution
Percent of People with Each Score
Percentile by Number Answered
Your Score History
You have not taken this quiz